|
|
|
|
| LEADER |
01102nam a2200241 a 4500 |
| 001 |
c000343248 |
| 003 |
CARM |
| 005 |
00000000000000.0 |
| 008 |
870326s1977 rur 00000 rus d |
| 019 |
1 |
|
|a 3819657
|5 LACONCORD2021
|
| 035 |
|
|
|a (OCoLC)36184790
|5 LACONCORD2021
|
| 040 |
|
|
|a NUN
|c NUN
|
| 041 |
1 |
|
|a rus
|h ukrbelmollavlit
|
| 245 |
0 |
0 |
|a Poėzii︠a︡ narodov SSSR XIX - nachala XX veka /
|c [vstupitelʹnai︠a︡ statʹi︠a︡ i sostavlenie L. Aruti︠u︡nova]
|
| 260 |
|
|
|a Moskva :
|b "Khudozhestvennai︠a︡ literatura",
|c 1977.
|
| 300 |
|
|
|a 830 p., [14] leaves of plates :
|b col. ill.
|
| 490 |
0 |
|
|a Biblioteka vsemirnoĭ literatury. Serii︠a︡ vtorai︠a︡, Literatura XIX veka ;
|v t. 102.
|
| 650 |
|
0 |
|a Soviet literature
|x Translations into Russian.
|
| 650 |
|
0 |
|a Russian poetry
|x Translations from foreign literature.
|
| 700 |
1 |
|
|a Aruti︠u︡nov, L.
|
| 852 |
8 |
|
|b CARM
|h A1:AM16B0
|i B09468
|p 0430617
|f BK
|
| 999 |
f |
f |
|i cc6483a9-0bc4-53f0-b6db-b8fe2a37af62
|s b112865e-f5c5-55cb-b3cf-6c15e081bd56
|
| 952 |
f |
f |
|p Can circulate
|a CAVAL
|b CAVAL
|c CAVAL
|d CARM 1 Store
|e B09468
|f A1:AM16B0
|h Other scheme
|i book
|m 0430617
|